MARC Record
Leader
003
BE-GnUNI
007
't'u
035
a| (MSK)314000305
084
a| II.B.47
245
0
4
a| Het Mandelboekje = Le Carnet du dizeau.
260
a| Gent :
b| De Mandel,
c| 1958-1977.
546
a| Nederlands
546
a| Frans
500
a| Tijdschriften
852
4
b| MSK
c| MSK
j| II.B.47
920
a| tijdschrift
001
000044498
005
20241224121705.0